| 000 | 01360nam a2200265Ia 4500 | ||
|---|---|---|---|
| 999 |
_c51369 _d51369 |
||
| 001 | 18351 | ||
| 003 | GE_BSU | ||
| 005 | 20211214133955.0 | ||
| 008 | 181216s2015||||ge |||||||||||||| ||geo|| | ||
| 020 | _a9789941940699 | ||
| 040 | _cGE_BSU | ||
| 041 | _ageo | ||
| 080 | _a343.163(082) ს-28 | ||
| 245 |
_aსაპროკურორო სამართალი / _cპოლიკარპე (თემურ) მონიავა, მიხეილ მამნიაშვილი, ნანა (ნინო) რევაზიშვილი [და სხვ.]. |
||
| 264 |
_aთბილისი : _bიურისტების სამყარო, _c2015. |
||
| 300 |
_a327გვ.; _b21 სმ. |
||
| 653 | _aსაპროკურორო სამართალი | ||
| 700 |
_aმონიავა, პოლიკარპე _eავტორი. _98218 |
||
| 700 |
_aამნიაშვილი, მიხეილ _eავტორი _913285 |
||
| 700 |
_aრევაზიშვილი, ნანა _eავტორი. _913286 |
||
| 700 |
_aგაბისონია, ირაკლი _eავტორი _97024 |
||
| 700 |
_aმონიავა, თემურ _eავტორი _913287 |
||
| 700 |
_aგელაშვილი, ნიკოლოზ _eავტორი _99246 |
||
| 942 |
_cBK _2udc |
||